Сильмариллион: роман; пер. с англ.

Bibliographic Details
Main Author: Толкин (Толкиен, Толкьен) Дж. Р. Р. Джон Роналд Рейел
Summary:Перед вами — «Сильмариллион». Книга о первых Эпохах Средиземья. Книга, в которой поведана не только история великой войны меж Светом и Тьмою, тысячелетия сотрясавшей величайший мир за всю историю жанра фэнтези, но и предыстория Колец Всевластья — Колец, путь которых по Средиземью еще только начинается... Вы читали «Властелина Колец»? Тогда читайте его ПРЕДЫСТОРИЮ!..
Language:Russian
Published: Москва, АСТ, 2008
Subjects:
Format: Book
KOHA link:https://koha.lib.tpu.ru/cgi-bin/koha/opac-detail.pl?biblionumber=153370

MARC

LEADER 00000nam0a2200000 4500
001 153370
005 20231101221703.0
010 |a 9785170149681 
010 |a 978-5-97137549-4 
010 |a 978-5-9762-6554-7 
035 |a (RuTPU)RU\TPU\book\166396 
035 |a RU\TPU\book\59630 
090 |a 153370 
100 |a 20090211d2008 m y0rusy50 ca 
101 1 |a rus  |c eng 
102 |a RU 
105 |a y z 000ay 
200 1 |a Сильмариллион  |e роман  |e пер. с англ.  |f Дж. Р. Р. Толкин (Толкиен, Толкьен) 
210 |a Москва  |c АСТ  |c Хранитель  |c АСТ Москва  |d 2008 
215 |a 428 с. 
330 |a Перед вами — «Сильмариллион». Книга о первых Эпохах Средиземья. Книга, в которой поведана не только история великой войны меж Светом и Тьмою, тысячелетия сотрясавшей величайший мир за всю историю жанра фэнтези, но и предыстория Колец Всевластья — Колец, путь которых по Средиземью еще только начинается... Вы читали «Властелина Колец»? Тогда читайте его ПРЕДЫСТОРИЮ!.. 
610 1 |a английская литература 
610 1 |a романы 
610 1 |a фэнтези 
675 |a 82  |v 3 
700 1 |a Толкин (Толкиен, Толкьен)  |b Дж. Р. Р.  |c английский писатель  |c филолог  |c лингвист  |f 1892-1973  |g Джон Роналд Рейел  |2 stltpush  |3 (RuTPU)RU\TPU\pers\5419  |9 1055 
801 1 |a RU  |b 63413507  |c 20031010  |g PSBO 
801 2 |a RU  |b 63413507  |c 20090218  |g PSBO 
942 |c BK